[Event "11th Niki Open 2013"]
[Site "Nachod CZE"]
[Date "2013.06.29"]
[Round "1.10"]
[White "Novotny,M1"]
[Black "Neubauer,V"]
[Result "1-0"]
[WhiteElo "2293"]
[BlackElo "1859"]

1.e4 g6 2.d4 Bg7 3.Nc3 d6 4.Be3 Nf6 5.Qd2 Nc6 6.h3 h5 7.Nf3 a6 8.a4 O-O 9.Bh6 e5
10.Bxg7 Kxg7 11.d5 Na7 12.Bd3 Bd7 13.a5 c6 14.O-O cxd5 15.exd5 Nb5 16.Nxb5 axb5
17.Qb4 Ne8 18.Bxb5 Bxb5 19.Qxb5 Rb8 20.Qb6 Nc7 21.c4 g5 22.Ra3 f6 23.Nd2 f5
24.Nf3 Rf7 25.Nxg5 Rf6 26.Rg3 Kh8 27.f4 e4 28.Qd4 Qe7 29.b4 h4 30.Rb3 Na6
31.Ne6 Kh7 32.g4 Rxe6 33.dxe6 Qxe6 34.Qf2 Qh6 35.Rd1 fxg4 36.hxg4 Rg8 37.g5 Qh5
38.Rxd6 Qg4+ 39.Kh2 Rf8 40.Rh6+ Kg8 41.Rxh4 Qd1 42.Qb2  1-0

[Event "4th ch-Vojvodina Int"]
[Site "Novi Sad SRB"]
[Date "2013.06.29"]
[Round "3.18"]
[White "Cabarkapa,N"]
[Black "Trajkovic,Aleksandar"]
[Result "1-0"]
[WhiteElo "2341"]
[BlackElo "2169"]

1.e4 d6 2.d4 g6 3.Nc3 Bg7 4.Nf3 Bg4 5.Be3 Nd7 6.h3 Bxf3 7.Qxf3 c5 8.dxc5 Bxc3+
9.bxc3 dxc5 10.Bb5 a6 11.Bxd7+ Qxd7 12.Bxc5 Qc7 13.Bd4 e5 14.Qg3 f6 15.O-O Qc6
16.Bxe5 Kf7 17.Bd4 Qxe4 18.Rfe1 Qc6 19.Qe3 g5 20.a4 h5 21.Rab1 b5 22.axb5 axb5
23.Qd3 Rb8 24.c4 bxc4 25.Qg3 Rxb1 26.Rxb1 Rh7 27.Rb6 Qd5 28.Qc3 g4 29.h4 g3
30.fxg3 Rg7 31.Kh2 Rg4 32.Bxf6 Rg6 33.Bd4 Rxb6 34.Bxb6 Nf6 35.Qf3 Qd6 36.Bg1 Kg6
37.Kh1 Qe5 38.c3 Ne4 39.Bd4 Nxg3+ 40.Kh2 Nf1+ 41.Kg1  1-0

[Event "3rd Big Slick IM"]
[Site "Purley ENG"]
[Date "2013.06.29"]
[Round "8"]
[White "McClement,A"]
[Black "Rudd,J"]
[Result "1-0"]
[WhiteElo "2169"]
[BlackElo "2280"]

1.e4 d6 2.d4 g6 3.Nc3 Bg7 4.Nf3 a6 5.a4 b6 6.Bc4 e6 7.O-O Bb7 8.Re1 Nd7 9.Bf4 h6
10.h3 Ne7 11.Qd2 g5 12.Bg3 Ng6 13.d5 e5 14.Nd1 Nf6 15.Bf1 Bc8 16.a5 b5 17.c4 bxc4
18.Bxc4 g4 19.hxg4 Bxg4 20.Qd3 h5 21.Nh4 Bh6 22.Nxg6 fxg6 23.Bxa6 Bg5 24.f3 Bd7
25.Bb7 h4 26.Bf2 Nh5 27.Bxa8 Qxa8 28.a6 O-O 29.Qc4 Bd8 30.a7 h3 31.g4 Nf4
32.Re3 c5 33.dxc6+ Be6 34.Qb5 h2+ 35.Kxh2 Bxg4 36.fxg4 Qc8 37.Rg3  1-0

[Event "22nd Anderssen Mem Eliminacje"]
[Site "Wroclaw POL"]
[Date "2013.06.29"]
[Round "4"]
[White "Siembab,B"]
[Black "Szmacinska,G"]
[Result "1-0"]
[WhiteElo "2262"]
[BlackElo "2128"]

1.e4 d6 2.d4 g6 3.Nc3 Bg7 4.f4 c6 5.a4 Qb6 6.Nf3 Bg4 7.a5 Qc7 8.Be3 Nf6 9.h3 Bxf3
10.Qxf3 e6 11.e5 Nd5 12.Ne4 dxe5 13.dxe5 O-O 14.Bc5 Re8 15.c4 Ne7 16.Bd6 Qd8
17.g4 Nc8 18.c5 f5 19.gxf5 exf5 20.Qb3+ Kh8 21.Ng5 Nxd6 22.cxd6 Qd7 23.e6 Qc8
24.Kf2 Bf6 25.Bc4 c5 26.Rad1 Bd4+ 27.Rxd4 cxd4 28.Qb5 h6 29.Qe5+  1-0

[Event "TCh-MNE Prem 2013"]
[Site "Cetinje MNE"]
[Date "2013.06.30"]
[Round "7.2"]
[White "Pikula,D"]
[Black "Sale,S"]
[Result "1-0"]
[WhiteElo "2482"]
[BlackElo "2407"]

1.e4 g6 2.d4 Bg7 3.Nc3 d6 4.Be3 c6 5.Qd2 b5 6.Bd3 Nd7 7.Nf3 Qc7 8.a4 b4 9.Ne2 a5
10.O-O Ngf6 11.Bh6 O-O 12.Ng3 c5 13.Bxg7 Kxg7 14.Qg5 Kh8 15.e5 c4 16.exf6 exf6
17.Qf4 cxd3 18.cxd3 Bb7 19.Rac1 Qb6 20.Ne4 Bxe4 21.dxe4 Rac8 22.h4 b3 23.Qg4 Qb7
24.Nd2 h5 25.Qh3 f5 26.Qxb3 Qxb3 27.Nxb3 Rb8 28.Nxa5 Rxb2 29.exf5 Ra8 30.Nc4 Rb4
31.a5 Kg7 32.Rfe1 Kf8 33.f6 Rc8 34.Ne5  1-0

[Event "9th Prague Festival IM"]
[Site "Prague CZE"]
[Date "2013.06.30"]
[Round "9.2"]
[White "Cech,P"]
[Black "Cesal,J"]
[Result "1-0"]
[WhiteElo "2405"]
[BlackElo "2268"]

1.e4 g6 2.d4 Bg7 3.Nc3 d6 4.Be3 c6 5.Qd2 Nd7 6.Bd3 Ngf6 7.Nf3 Ng4 8.Bg5 h6
9.Bh4 Qb6 10.h3 Ngf6 11.O-O-O g5 12.Bg3 Nh5 13.Bh2 Qa5 14.Kb1 c5 15.Nd5 Qxd2
16.Rxd2 Kf8 17.g4 Nf4 18.Nxf4 gxf4 19.dxc5 Nxc5 20.Bxf4 Be6 21.Be3 Rc8 22.Nd4 Bd7
23.Nf5 h5 24.Nxg7 Kxg7 25.g5 Nxd3 26.Rxd3 Bc6 27.f3 Kg6 28.Bxa7 Kxg5 29.Rg1+ Kf6
30.Bd4+ e5 31.Bb6 Ke7 32.Rgd1 Rh6 33.Be3 Rg6 34.Bf2 Bb5 35.R3d2 Kd7 36.Bh4 Bc4
37.b3 Ba6 38.Kb2 Rc6 39.a4 b5 40.axb5 Bxb5 41.c4 Ba6 42.f4 exf4 43.Rf1 Ke6
44.Rxf4 Bc8 45.Rf5 Rc5 46.Rdd5 Bb7 47.Rxc5 dxc5 48.Rxc5 Rg2+ 49.Kc3 Bxe4
50.Rxh5 f5 51.b4 Rc2+ 52.Kd4 Rd2+ 53.Kc5 f4 54.Rh6+ Ke5 55.b5 f3 56.Bg3+ Kf5
57.Rh8 Rg2 58.Rf8+ Ke6 59.Bh4 Rh2 60.Kd4 Bf5 61.Rf6+  1-0

[Event "Visma IMA 2013"]
[Site "Vaxjo SWE"]
[Date "2013.06.30"]
[Round "9.4"]
[White "Malmstig,E"]
[Black "Rahul Kumar,P"]
[Result "0-1"]
[WhiteElo "2322"]
[BlackElo "2172"]

1.e4 g6 2.d4 Bg7 3.Nc3 d6 4.Be3 a6 5.a4 Nd7 6.Qd2 b6 7.f3 h6 8.h4 Bb7 9.Nge2 c5
10.h5 g5 11.Ng3 e6 12.d5 Be5 13.f4 gxf4 14.Bxf4 Qf6 15.Nge2 Ne7 16.dxe6 fxe6
17.Bxe5 Qxe5 18.O-O-O d5 19.exd5 exd5 20.Nf4 Nf6 21.Bb5+ axb5 22.Rhe1 Qg5
23.Nxb5 Rxa4 24.Nd6+ Kd7 25.Rxe7+ Kxe7 26.Qe3+ Kxd6 27.Qe6+ Kc7 28.Kb1 Qxf4
29.g3 Qd6  0-1

[Event "2nd Arberopen 2013"]
[Site "Bayerisch Eisenstein GER"]
[Date "2013.07.01"]
[Round "3.1"]
[White "Schelle,A"]
[Black "Epishin,V"]
[Result "0-1"]
[WhiteElo "2217"]
[BlackElo "2602"]

1.e4 g6 2.d4 Bg7 3.Nc3 d6 4.Bg5 Nc6 5.Nge2 f6 6.Be3 e5 7.Qd2 Nge7 8.O-O-O O-O
9.d5 Na5 10.Ng3 b6 11.f4 f5 12.Bd3 fxe4 13.Ncxe4 Bg4 14.Rdf1 Nxd5 15.Bc4 Nxc4
16.Qxd5+ Kh8 17.Qxc4 d5 18.Qd3 dxe4 19.Qxd8 Raxd8 20.Nxe4 Be6 21.Nc3 Bh6
22.g3 Kg7 23.Re1 exf4 24.Bxf4 Bxf4+ 25.gxf4 Rde8 26.Rhf1 Bd7 27.Kd2 Rxe1
28.Kxe1 Bc6 29.Nd1 Rf5 30.Ne3 Rb5 31.b3 Ra5 32.a4 Rh5 33.Rf2 Kf6 34.Kd2 a5
35.Nf1 Rd5+ 36.Ke1 Bd7 37.Ne3 Rh5 38.Nf1 Rh4 39.Ng3 Bf5 40.Kd2 h5 41.Ke3 Rh3
42.Kd4 h4 43.Ne4+ Bxe4 44.Kxe4 Rc3 45.Kd4 Rc6 46.Ke4 Rc3 47.Kd4 Rc5 48.Ke4 b5
49.axb5 Rxb5 50.Rd2 Rb4+ 51.Kf3 a4 52.bxa4 Rxa4 53.Re2 Rc4 54.Rg2 c6 55.Re2 g5
56.fxg5+ Kxg5 57.Re5+ Kf6 58.Rh5 Kg6 59.Rh8 c5 60.h3 Kg5 61.Rg8+ Kf5 62.Rf8+ Ke5
63.Re8+ Kd5 64.Rd8+ Kc6 65.Rd2 Kb5 66.Rg2 Ra4 67.Rg4 Ra3+ 68.Kg2 c4 69.Rxh4 Rc3
70.Rh8 Rxc2+ 71.Kg3 c3 72.h4 Rd2 73.Rc8 Rd3+ 74.Kg4 Rd4+  0-1

[Event "TCh-MNE Prem 2013"]
[Site "Cetinje MNE"]
[Date "2013.07.01"]
[Round "8.5"]
[White "Karisik,N"]
[Black "Milovic,J"]
[Result "0-1"]
[WhiteElo "2086"]
[BlackElo "2309"]

1.e4 g6 2.d4 Bg7 3.Nc3 d6 4.f4 Nd7 5.e5 c5 6.Nf3 cxd4 7.e6 fxe6 8.Nxd4 Bxd4
9.Qxd4 Ngf6 10.Be3 Nb6 11.O-O-O Nbd5 12.Nxd5 exd5 13.Be2 Rf8 14.h3 Qa5 15.Kb1 Bf5
16.Bd3 Rc8 17.Rhe1 Bxd3 18.cxd3 Kd7 19.Bf2 Qc5 20.g3 Qxd4 21.Bxd4 b6 22.Re3 Ne8
23.Rde1 Rf7 24.a4 Nc7 25.b4 Na6 26.b5 Nc5 27.R1e2 Nb3 28.Bb2 Nc5 29.Bd4 Rc7
30.Bxc5 bxc5 31.Kb2 Kc8 32.Kb3 Rb7 33.Ka3 Kd8 34.d4 Rf5 35.Rd2 Kd7 36.dxc5 dxc5
37.g4 Rxf4 38.Rxd5+ Ke8 39.Rxc5 Rd7 40.Rce5 Kf7 41.a5 h6 42.Kb3 Rf1 43.Kc2 Rf2+
44.Kc3 Rf1 45.Kb4 Rd4+ 46.Kc5 Rd7 47.Kc6 Ke8 48.Rc3 Rf6+ 49.Kc5 Rc7+ 50.Kb4 Rf4+
51.Kb3 Rd7 52.Rec5 Rf1 53.Rc6 Kf7 54.Kb4 Rf4+ 55.R6c4 g5 56.Kc5 Rc7+ 57.Kd5 e6+  0-1

[Event "IsBank TCh-TUR 2013"]
[Site "Denizli TUR"]
[Date "2013.07.01"]
[Round "3.7"]
[White "Ozdover,M"]
[Black "Gulsoy,Mustafa Alpago"]
[Result "1/2-1/2"]
[WhiteElo "2005"]
[BlackElo "1704"]

1.d4 d6 2.e4 g6 3.Nc3 Bg7 4.Be3 Nf6 5.f3 O-O 6.Qd2 e5 7.Nge2 exd4 8.Nxd4 Bd7
9.Bc4 Nc6 10.Nxc6 Bxc6 11.O-O h5 12.Bg5 Qd7 13.Rad1 b5 14.Bb3 b4 15.Bxf6 Bxf6
16.Nd5 Bxb2 17.Nxb4 Bg7 18.Bd5 Bxd5 19.Nxd5 c6 20.Nf4 Rfd8 21.Qd3 Rab8 22.Qc4 Kh7
23.Rfe1 Rb5 24.Re2 Qb7 25.Red2 Rb4 26.Qe2 d5 27.g3 Bc3 28.Rd3 d4 29.e5 Re8
30.Qe4 f5 31.Qe2 c5 32.e6 Rb1 33.h4 Rxd1+ 34.Rxd1 Qc7 35.Kg2 Qd6 36.Qc4 Qe5
37.a3 Re7 38.Qa6 Kg7 39.Qc8 Bb2 40.Rb1 Bxa3 41.Rb8 Kh6 42.Rb7 Rxb7 43.Qxb7 Bc1
44.e7  1/2-1/2

[Event "4th AIMAG Men"]
[Site "Incheon KOR"]
[Date "2013.07.01"]
[Round "2.8"]
[White "Sengupta,D"]
[Black "Farid,F"]
[Result "1-0"]
[WhiteElo "2548"]
[BlackElo "2396"]

1.e4 d6 2.d4 g6 3.Nc3 Bg7 4.Be3 a6 5.Qd2 b5 6.Bd3 Bb7 7.a4 b4 8.Nd1 a5 9.c3 Nf6
10.f3 bxc3 11.bxc3 O-O 12.Ne2 Nfd7 13.Bh6 e5 14.Bxg7 Kxg7 15.Ne3 exd4 16.cxd4 Nc6
17.O-O Nb4 18.Rfd1 Ba6 19.Bxa6 Rxa6 20.Rac1 Kg8 21.Ng3 Rc6 22.Rxc6 Nxc6 23.Rc1 Nb4
24.Nc4 Qa8 25.h4 d5 26.Ne5 Nxe5 27.dxe5 c6 28.exd5 cxd5 29.Qd4 Rc8 30.Rxc8+ Qxc8
31.h5 Qc1+ 32.Nf1 Qc4 33.Qb6 Nc6 34.h6 Kf8 35.Ne3 Qc1+ 36.Kh2 d4 37.Ng4 d3
38.Qc7 Qf4+ 39.Kh3 Qd4 40.Qxc6 d2 41.Nf6 Qd8 42.Qc5+  1-0

[Event "4th ch-Vojvodina Int"]
[Site "Novi Sad SRB"]
[Date "2013.07.01"]
[Round "6.6"]
[White "Cabarkapa,S"]
[Black "Kokeza,M"]
[Result "1/2-1/2"]
[WhiteElo "2240"]
[BlackElo "2315"]

1.e4 g6 2.d4 Bg7 3.Nc3 d6 4.f4 Nf6 5.Nf3 O-O 6.Bd3 Na6 7.O-O c5 8.d5 Bg4
9.h3 Bxf3 10.Rxf3 Nd7 11.Kh1 Rc8 12.Bf1 c4 13.Be3 Nac5 14.Bd4 Bxd4 15.Qxd4 Nb6
16.Re1 a6 17.Rf2 Qc7 18.Qe3 Nba4 19.Nxa4 Nxa4 20.c3 Qb6 21.Qg3 Rc5 22.f5 Rb5
23.fxg6 hxg6 24.b3 Nxc3 25.Bxc4 Rc5 26.Rf4 Qa5  1/2-1/2

[Event "Opatija Open A 2013"]
[Site "Opatija CRO"]
[Date "2013.07.01"]
[Round "3.1"]
[White "Jergovic,A"]
[Black "Shariyazdanov,A"]
[Result "0-1"]
[WhiteElo "1980"]
[BlackElo "2579"]

1.e4 g6 2.d4 Bg7 3.Nc3 d6 4.Bg5 Nd7 5.Qd2 c6 6.O-O-O Qc7 7.f4 b5 8.d5 b4
9.Nb1 Ngf6 10.dxc6 Qxc6 11.Bd3 Nc5 12.Bxf6 Nxd3+ 13.Qxd3 Bxf6 14.Nf3 O-O
15.Nbd2 a5 16.Kb1 a4 17.Nf1 b3 18.Ne3 bxa2+ 19.Kxa2 Be6+ 20.Nd5 Rfb8 21.Rb1 Ra5
22.c4 Bxd5 23.exd5 Qb6  0-1

[Event "8th Vladimir Dvorkovich Cup"]
[Site "Moscow RUS"]
[Date "2013.07.02"]
[Round "7.14"]
[White "Kumsiashvili,N"]
[Black "Nikitenko,M"]
[Result "0-1"]
[WhiteElo "2142"]
[BlackElo "2011"]

1.e4 d6 2.d4 g6 3.Nc3 Bg7 4.Be3 a6 5.Qd2 e6 6.h4 b5 7.h5 Bb7 8.Bd3 Nd7 9.O-O-O Qe7
10.Nf3 O-O-O 11.h6 Bf8 12.a4 b4 13.Ne2 a5 14.c3 c5 15.cxb4 cxb4 16.Kb1 Kb8
17.Rc1 Ngf6 18.Bg5 Nxe4 19.Qf4 Nxg5 20.Nxg5 f6 21.Nf3 e5 22.dxe5 fxe5 23.Qc4 Nc5
24.Qb5 Nxd3 25.Ned4 exd4 26.Nxd4 Ne5 27.Rhe1 Rc8 28.Rxc8+ Kxc8 29.Rc1+ Kb8
30.f4 Bxh6 31.fxe5 Rc8 32.Nc6+ Rxc6 33.Rxc6 Qxe5 34.Qb6 Qe4+ 35.Rc2 Qd5 36.Qd8+ Ka7
37.Rf2 Qd1+  0-1

[Event "8th Vladimir Dvorkovich Cup"]
[Site "Moscow RUS"]
[Date "2013.07.02"]
[Round "7.13"]
[White "Filipets,Egor"]
[Black "Sibashvili,G"]
[Result "1-0"]
[WhiteElo "2076"]
[BlackElo "2186"]

1.e4 g6 2.d4 Bg7 3.Nc3 d6 4.Be3 Nf6 5.f3 c6 6.Qd2 b5 7.g4 h5 8.g5 Nfd7 9.f4 Nb6
10.Nf3 O-O 11.Nh4 d5 12.f5 b4 13.Nd1 dxe4 14.fxg6 e5 15.dxe5 Nd5 16.Be2 Bxe5
17.O-O f5 18.gxf6 Rxf6 19.Bg5 Qb6+ 20.Kh1 Rxf1+ 21.Bxf1 Be6 22.Ne3 Nd7 23.Bh3 Re8
24.Bxe6+ Rxe6 25.Nxd5 cxd5 26.Qxd5 Qc6 27.Qxc6 Rxc6 28.Rd1 Nf8 29.Rd8 Bf6
30.Bxf6 Rxf6 31.Kg2 Kg7 32.Re8 Nxg6 33.Rxe4 Nxh4+ 34.Rxh4 Rc6 35.Rxb4 Rxc2+
36.Kg3 Kg6 37.h3 Kg5 38.Rb5+ Kg6 39.a3 Rd2 40.Rb4 Kg5 41.h4+ Kg6 42.Kf4 Rf2+
43.Ke3 Rh2 44.Kd3 a5 45.Rb5 Rh3+ 46.Kc2 Rxh4 47.Rxa5 Rc4+ 48.Kd3 Rc8 49.Re5 h4
50.Re3 Kg5 51.b4 Rc1 52.a4 Kg4 53.Re8 h3 54.Rh8 Rf1 55.a5 Rf4 56.Kc3 Kg3
57.a6  1-0

[Event "4th ch-Vojvodina Int"]
[Site "Novi Sad SRB"]
[Date "2013.07.02"]
[Round "7.1"]
[White "Nestorovic,N"]
[Black "Leskur,D"]
[Result "1/2-1/2"]
[WhiteElo "2405"]
[BlackElo "2391"]

1.e4 g6 2.d4 Bg7 3.Nc3 d6 4.f4 a6 5.a4 Nf6 6.Nf3 c5 7.d5 O-O 8.Bc4 e6 9.dxe6 Bxe6
10.Bxe6 fxe6 11.e5 dxe5 12.Qxd8 Rxd8 13.Nxe5 Nbd7 14.Nxd7 Rxd7 15.Bd2 e5
16.O-O-O exf4 17.Bxf4 Rad8 18.Rxd7 Rxd7 19.Re1 Kf7 20.Rf1 Ke6 21.h3 b6 22.Re1+ Kf7
23.Rf1 Ke6 24.Re1+ Kf7 25.Rf1  1/2-1/2

[Event "2nd Arberopen 2013"]
[Site "Bayerisch Eisenstein GER"]
[Date "2013.07.03"]
[Round "5.1"]
[White "Haba,P"]
[Black "Epishin,V"]
[Result "1/2-1/2"]
[WhiteElo "2522"]
[BlackElo "2602"]

1.d4 d6 2.e4 g6 3.Nc3 Bg7 4.Be3 Nd7 5.h4 Ngf6 6.f3 c5 7.dxc5 Nxc5 8.Qd2 Be6
9.Nge2 a6 10.Nf4 Qc7 11.h5 gxh5 12.O-O-O Ncd7 13.Nxe6 fxe6 14.Ne2 e5 15.Ng3 O-O-O
16.Qb4 Nc5 17.Nf5 Bf8 18.Bxc5 Qxc5 19.Qxc5+ dxc5 20.Rxd8+ Kxd8 21.Bc4 Ne8
22.a4 Kd7 23.Rxh5 e6 24.Ne3 Bg7 25.Ng4 Nd6 26.b3 Nf7 27.g3 h6 28.f4 Ke7 29.f5 Nd6
30.fxe6 Nxc4 31.bxc4 Kxe6 32.c3  1/2-1/2

[Event "IsBank TCh-TUR 2013"]
[Site "Denizli TUR"]
[Date "2013.07.03"]
[Round "5.3"]
[White "Duman,A"]
[Black "Can,E"]
[Result "1/2-1/2"]
[WhiteElo "2252"]
[BlackElo "2475"]

1.e4 g6 2.d4 Bg7 3.Nc3 d6 4.Be3 a6 5.Qd2 b5 6.f3 Nd7 7.Nge2 c5 8.dxc5 Nxc5
9.O-O-O Bb7 10.Nd4 Rc8 11.Kb1 Nf6 12.Bh6 Bxh6 13.Qxh6 b4 14.Nce2 e5 15.Nb3 Nxb3
16.cxb3 Qb6 17.Ng3 Ke7 18.Bc4 a5 19.Rhe1 Ba6 20.Bxa6 Qxa6 21.Nf1 Rc6 22.Ne3 a4
23.bxa4 Qxa4 24.b3 Qa3 25.Qh4 Ra8 26.Nd5+ Kd7 27.Nxf6+ Ke6 28.Re2 Rc3 29.Rb2 Rxb3
30.Qh3+ Kxf6 31.axb3 Ra5 32.Rxd6+ Kg7 33.Qc8 Qa1+ 34.Kc2 Qg1 35.Rd2 Rc5+
36.Qxc5 Qxc5+ 37.Kd3 Qd4+ 38.Kc2 Qc5+ 39.Kd3 Qd4+  1/2-1/2

[Event "4th ch-Vojvodina Int"]
[Site "Novi Sad SRB"]
[Date "2013.07.03"]
[Round "8.15"]
[White "Blazeka,M"]
[Black "Trajkovic,Aleksandar"]
[Result "1-0"]
[WhiteElo "2300"]
[BlackElo "2169"]

1.e4 d6 2.d4 g6 3.Nc3 Bg7 4.Be3 Nd7 5.Qd2 e5 6.Nf3 exd4 7.Nxd4 Ngf6 8.Bh6 O-O
9.Bxg7 Kxg7 10.O-O-O Ne5 11.Be2 Qe7 12.f4 Nc6 13.Bf3 Bd7 14.Rhe1 Rfe8 15.Nxc6 Bxc6
16.e5 dxe5 17.Bxc6 bxc6 18.Rxe5 Qb4 19.Qd4 Qb6 20.Qxb6 axb6 21.Rde1 Rxe5
22.Rxe5 Re8 23.Rxe8 Nxe8 24.Kd2 Nd6 25.Kd3 Kf6 26.Ne4+ Nxe4 27.Kxe4 Ke6 28.b4 c5
29.bxc5 bxc5 30.a4 f5+ 31.Kd3 Kd5 32.Kc3 h6 33.h4 h5 34.a5 c4 35.Kb4 c3 36.Kb5  1-0

[Event "Polugaevsky Mem 2013"]
[Site "Samara RUS"]
[Date "2013.07.03"]
[Round "2.10"]
[White "Travkina,A"]
[Black "Fedoseev,Vl3"]
[Result "0-1"]
[WhiteElo "2216"]
[BlackElo "2515"]

1.e4 g6 2.d4 Bg7 3.Nc3 d6 4.Be2 c6 5.h3 b5 6.a3 Bb7 7.Nf3 Nd7 8.O-O a6 9.Re1 c5
10.Be3 cxd4 11.Bxd4 e5 12.Be3 Ndf6 13.Qd3 Qc7 14.Rad1 Rd8 15.Bg5 Ne7 16.Nh2 h6
17.Bxf6 Bxf6 18.Ng4 Bg7 19.Ne3 O-O 20.Ncd5 Nxd5 21.Nxd5 Bxd5 22.Qxd5 Qxc2
23.Qb7 Qa4 24.Qc6 Rc8 25.Qxd6 Rc2 26.Rd2 Qxe4 27.Rxc2 Qxc2 28.Qxa6 Qxb2 29.Bxb5 Kh7
30.a4 Qd2 31.Re2 Qd1+ 32.Kh2 f5 33.Qc6 e4 34.Qd7 Qc1 35.Qd6 h5 36.Qe7 Rc8
37.g4 Qf4+ 38.Kg2 Qf3+ 39.Kh2 Ra8  0-1

[Event "2nd Arberopen 2013"]
[Site "Bayerisch Eisenstein GER"]
[Date "2013.07.04"]
[Round "6.7"]
[White "Vrublevskaya,O"]
[Black "Kuba,S"]
[Result "1-0"]
[WhiteElo "2156"]
[BlackElo "2211"]

1.d4 g6 2.e4 Bg7 3.Nc3 d6 4.Nf3 Nf6 5.Be2 O-O 6.O-O c6 7.a4 a5 8.Be3 Na6
9.Qd2 Re8 10.Rad1 Nb4 11.h3 Qc7 12.Nh2 d5 13.e5 Ne4 14.Nxe4 dxe4 15.f3 Bf5
16.fxe4 Bxe4 17.c3 Nd5 18.Bh6 Bh8 19.c4 Nb4 20.Rf4 f5 21.Rdf1 Qd7 22.Rxe4 fxe4
23.Bg4 e6 24.Kh1 Bg7 25.Bxg7 Kxg7 26.Re1 h5 27.Bd1 b5 28.Rxe4 bxc4 29.Bxh5 Rh8
30.Bg4 Nd3 31.Nf3 Rab8 32.Kh2 Rxb2 33.Qxa5 Nf2 34.Rf4 Nxg4+ 35.Rxg4 Rb7 36.Qc3 Qd5
37.Qc2 Rh6 38.Nh4 c5 39.Nxg6 Kf7 40.Qf2+ Ke8 41.Qf8+ Kd7 42.Qxh6 cxd4 43.Qh4  1-0

[Event "IsBank TCh-TUR 2013"]
[Site "Denizli TUR"]
[Date "2013.07.04"]
[Round "7.6"]
[White "Yuksel,A"]
[Black "Kerigan,D"]
[Result "0-1"]
[WhiteElo "2001"]
[BlackElo "2262"]

1.e4 g6 2.d4 d6 3.Nc3 Bg7 4.h3 Nf6 5.Nf3 a6 6.a4 b6 7.Bd3 Bb7 8.Bf4 O-O 9.O-O Nbd7
10.Bh2 Qe8 11.e5 Nd5 12.e6 fxe6 13.Ng5 Nxc3 14.bxc3 Rf6 15.Re1 Nf8 16.Qg4 h6
17.Nxe6 Nxe6 18.Rxe6 Bc8 19.Bc4 Bxe6 20.Bxe6+ Rxe6 21.Qxe6+ Qf7 22.Qe4 Rf8
23.Bg3 e6 24.Re1 Re8 25.d5 e5 26.f3 a5 27.Qd3 h5 28.Re4 Re7 29.c4 Re8 30.Qe2 Qd7
31.f4 Qxa4 32.Kh2 Qd7 33.Kh1 Qf5 34.Be1 Rf8 35.g4 Qd7 36.Bg3 hxg4 37.hxg4 exf4
38.Re7 Qa4 39.g5 Qa1+ 40.Be1 Be5 41.Qf2 Qd1 42.Qh4 Qh5 43.Qxh5 gxh5 44.c5 Ra8
45.c6 a4 46.Rxc7 a3 47.Rb7 a2 48.c7 a1=Q 49.Rb8+ Kg7 50.c8=Q Qxe1+ 51.Kg2 Qe2+
52.Kh3 Qg4+  0-1

[Event "Klatov Open A 2013"]
[Site "Klatovy CZE"]
[Date "2013.07.04"]
[Round "6.26"]
[White "Skopec,L"]
[Black "Hajek,Ji3"]
[Result "0-1"]
[WhiteElo "1947"]
[BlackElo "1877"]

1.e4 g6 2.d4 Bg7 3.Nc3 d6 4.f4 Nc6 5.Be3 d5 6.e5 Nh6 7.Nf3 Nf5 8.Bf2 h5 9.a3 e6
10.Bd3 Nce7 11.Qd2 b6 12.O-O O-O 13.a4 Bd7 14.a5 c6 15.axb6 axb6 16.Qe2 Qc7
17.Ng5 c5 18.dxc5 bxc5 19.g4 hxg4 20.Qxg4 Nh6 21.Qg2 c4 22.Be2 Rfb8 23.Rxa8 Rxa8
24.Rb1 Bc6 25.Bf3 Rb8 26.h4 Rb7 27.Qh3 Bd7 28.h5 Qb8 29.Bc5 Nef5 30.Ba3 Qa7+
31.Kh2 Qf2+ 32.Qg2 Qxg2+ 33.Bxg2 gxh5 34.Rc1 Ng4+ 35.Kh3 Bh6 36.Nxd5 Bxg5
37.Nf6+ Bxf6 38.Bxb7 Bg7 39.Bc5 Bh6 40.Rf1 Nge3 41.Rf2 Nd5 42.Bxd5 exd5 43.Kg2 Bc6
44.Kf1 d4 45.Ke1 Be4 46.Re2 Bd5 47.Rf2 h4 48.b4 cxb3 49.cxb3 Bxb3 50.Rd2 Bxf4
51.Rd3 Bc2 52.Rf3 Bg3+ 53.Kf1 Be4 54.Rb3 Bxe5  0-1

[Event "IsBank TCh-TUR 2013"]
[Site "Denizli TUR"]
[Date "2013.07.06"]
[Round "8.7"]
[White "Soysal,Serkan"]
[Black "Yilmazyerli,M"]
[Result "0-1"]
[WhiteElo "2056"]
[BlackElo "2352"]

1.e4 g6 2.d4 Bg7 3.Nc3 d6 4.Be3 a6 5.Bd3 Nf6 6.h3 O-O 7.Nf3 b5 8.a4 b4 9.Ne2 Bb7
10.Ng3 d5 11.e5 Ne4 12.Bxe4 dxe4 13.Ng5 Bd5 14.N5xe4 f5 15.exf6 exf6 16.O-O f5
17.Bg5 Qc8 18.Nc5 f4 19.Nge4 h6 20.Be7 Rf7 21.Bh4 g5 22.Bxg5 hxg5 23.Nxg5 f3
24.Nxf7 fxg2 25.Nh6+ Bxh6 26.Qh5 gxf1=Q+ 27.Rxf1 Qd8 28.Qxh6 Qf8 29.Qxf8+ Kxf8
30.Re1 Nc6 31.c3 Kf7 32.f3 a5 33.Kg2 Ne7 34.Nd3 bxc3 35.bxc3 Ng6 36.Rb1 Bc6
37.Nc5 Rg8 38.c4 Ne5+ 39.Kf2 Nxc4 40.Rc1 Bd5 41.Nd3 Ke7 42.Ne5 Nxe5 43.dxe5 c6
44.Rc5 Rf8 45.Rxa5 Rxf3+ 46.Kg2 Re3+ 47.Kh2 Be6 48.Kg2 Bxh3+ 49.Kf2 Ra3 50.Rc5 Kd7  0-1

[Event "IsBank TCh-TUR 2013"]
[Site "Denizli TUR"]
[Date "2013.07.06"]
[Round "8.7"]
[White "Sumer,G"]
[Black "Arat,Uf"]
[Result "0-1"]
[WhiteElo "1935"]
[BlackElo "2185"]

1.e4 g6 2.d4 d6 3.Nc3 Bg7 4.Be3 c6 5.f4 b5 6.a3 Nd7 7.Nf3 Nb6 8.d5 Bxc3+
9.bxc3 cxd5 10.Bxb5+ Bd7 11.Bxd7+ Qxd7 12.Bxb6 axb6 13.Qxd5 Ra4 14.Qd3 Nf6
15.c4 Qc6 16.Nd2 Qc5 17.Ke2 O-O 18.Rhb1 Rfa8 19.Rb5 Qc7 20.Kf3 Nd7 21.Qc3 Nc5
22.Qb2 R8a6 23.Rb4 Qc6 24.Rxa4 Rxa4 25.Qb5 Qa8 26.Qxb6 f5 27.Re1 Nxe4 28.Nxe4 Rxc4
29.Kf2 fxe4 30.Qb3 d5 31.Ra1 Qc6 32.Ra2 d4 33.a4 Kg7 34.a5 Rc3 35.Qb4 e3+
36.Kf1 Qe4 37.Qb8 d3 38.cxd3  0-1

[Event "IsBank TCh-TUR 2013"]
[Site "Denizli TUR"]
[Date "2013.07.06"]
[Round "9.10"]
[White "Okuyaz,Duru"]
[Black "Abdimanoglu,B"]
[Result "1/2-1/2"]
[WhiteElo "1612"]
[BlackElo "1835"]

1.e4 g6 2.d4 Bg7 3.Nc3 d6 4.Be3 a6 5.f4 b5 6.Bd3 Bb7 7.Nf3 Nd7 8.e5 e6 9.O-O Ne7
10.a3 O-O 11.Qe1 Nf5 12.Ne4 c5 13.dxc5 dxe5 14.fxe5 Nxe5 15.Nxe5 Bxe5 16.Kh1 Qc7
17.Bg5 f6 18.Bh4 Bxh2 19.Nd6 Nxd6 20.cxd6 Qxd6 21.Bxf6 Bg3 22.Qe3 e5 23.Qxg3 Rxf6
24.Rxf6 Qxf6 25.Rf1 Qg7 26.Qg4 Re8 27.Re1 Qh6+ 28.Kg1 Qd2 29.Rf1 Qe3+ 30.Kh2 Qh6+
31.Kg1 Qe3+ 32.Kh2 Qh6+ 33.Kg1 Qe3+ 34.Kh2 Qh6+  1/2-1/2

[Event "St. Pauli Open 2013"]
[Site "Hamburg GER"]
[Date "2013.07.06"]
[Round "1.6"]
[White "Fegebank,F"]
[Black "Souleidis,G"]
[Result "0-1"]
[WhiteElo "2030"]
[BlackElo "2398"]

1.e4 g6 2.d4 Bg7 3.Nc3 d6 4.Be2 a6 5.Be3 b5 6.a3 Bb7 7.Qd2 Nd7 8.h4 c5 9.d5 Ngf6
10.f3 h5 11.Nh3 Rc8 12.Ng5 Ne5 13.Nd1 Nfd7 14.a4 bxa4 15.Rxa4 Nb6 16.Ra2 Nbc4
17.Bxc4 Nxc4 18.Qd3 Nxe3 19.Nxe3 Ra8 20.Qb3 Bc8 21.Nc4 Bd7 22.Qb7 Rb8 23.Qa7 O-O
24.b3 Bb5 25.Kd2 Bf6 26.f4 Bxc4 27.bxc4 Qc8 28.Ra3 Ra8 29.Qb6 Qg4 30.g3 Rfb8
31.Qc6 Kg7 32.Qc7 Rb2 33.Re3 a5 34.Qc6 Rab8 35.Qa4 Rb1 36.Rxb1 Rxb1 37.c3 Bxg5
38.hxg5 Qh3 39.Qa2  0-1

[Event "120th ch-SCO 2013"]
[Site "Helensburgh SCO"]
[Date "2013.07.06"]
[Round "1.22"]
[White "Newton,Andrew"]
[Black "Marks,I"]
[Result "1-0"]
[WhiteElo "1769"]
[BlackElo "1981"]

1.e4 d6 2.d4 g6 3.Nc3 Bg7 4.f4 a6 5.Nf3 b5 6.Bd3 Nd7 7.e5 c5 8.Be4 Rb8 9.Be3 Qa5
10.O-O b4 11.Ne2 Nb6 12.exd6 Nc4 13.Qc1 Nf6 14.Bd3 Nxe3 15.Qxe3 e6 16.Qe5 Nh5
17.d7+ Bxd7 18.Qxb8+ Ke7 19.Qa7 cxd4 20.Nexd4 Rc8 21.Bb5 Rc7 22.Qxa6 Qxa6
23.Bxa6 Nxf4 24.a3 Nd5 25.Bd3 e5 26.Rae1 Kd6 27.Nb5+ Bxb5 28.Bxb5 Rxc2 29.Re2 Rc5
30.Ba4 f5 31.Rd1  1-0

[Event "41st TCh-GRE"]
[Site "Rio (Achaia) GRE"]
[Date "2013.07.06"]
[Round "6.8"]
[White "Koutroukis,A"]
[Black "Roinos,Ilias"]
[Result "0-1"]
[WhiteElo "1922"]
[BlackElo "1915"]

1.e4 g6 2.d4 Bg7 3.Nc3 d6 4.f3 a6 5.Be3 b5 6.Qd2 Bb7 7.O-O-O Nd7 8.h4 h6
9.h5 g5 10.Nge2 e6 11.Ng3 Ne7 12.f4 gxf4 13.Bxf4 Nb6 14.Be2 Qd7 15.Rhf1 b4
16.Nb1 Qa4 17.b3 Qa5 18.a3 Nc6 19.axb4 Nxb4 20.c3 Na2+ 21.Kb2 Rb8 22.Na3 Bd5
23.Kxa2 Bxb3+ 24.Kxb3 Na4+ 25.Nb5 axb5 26.Kc2 b4 27.cxb4 Rxb4 28.Rb1 Nb2
29.Ra1 Qb6 30.Be3 O-O 31.Rfb1 Rb8 32.Ra2 Rb3 33.d5 Rxe3  0-1

[Event "IsBank TCh-TUR 2013"]
[Site "Denizli TUR"]
[Date "2013.07.07"]
[Round "10.6"]
[White "Isgandarova,K"]
[Black "Kerigan,D"]
[Result "1-0"]
[WhiteElo "2213"]
[BlackElo "2262"]

1.e4 d6 2.d4 g6 3.Nc3 Bg7 4.f4 Nf6 5.Nf3 O-O 6.Bd3 Na6 7.O-O c5 8.d5 Bg4
9.Be2 Nc7 10.h3 Bxf3 11.Bxf3 Rb8 12.a4 b6 13.Nb5 a6 14.Na7 Qd7 15.Nc6 Ra8
16.e5 Nfe8 17.e6 fxe6 18.dxe6 Nxe6 19.Nxe7+ Qxe7 20.Bxa8 N8c7 21.Be4 d5 22.Bf3 Qd6
23.Ra3 Bd4+ 24.Be3 Bxb2 25.Rd3 d4 26.c4 Qe7 27.Bd2 Nxf4 28.Bxf4 Rxf4 29.Qd2 Qf7
30.Qxb2 Qxc4 31.Qxb6 Qxd3 32.Qb8+ Kg7 33.Qxc7+ Rf7 34.Qxf7+ Kxf7 35.Be2+  1-0

[Event "Commonwealth & RSA Open"]
[Site "Port Elizabeth RSA"]
[Date "2013.07.07"]
[Round "2.1"]
[White "Fedorchuk,S"]
[Black "Jacobs,Kevin T"]
[Result "1-0"]
[WhiteElo "2667"]
[BlackElo "1831"]

1.e4 g6 2.d4 Bg7 3.Nc3 d6 4.Be3 Nf6 5.h3 c6 6.Nf3 b5 7.Bd3 a6 8.O-O O-O 9.Qd2 Qc7
10.Ne2 Nbd7 11.Ng3 c5 12.c3 Bb7 13.Rfe1 e5 14.Bh6 Rfe8 15.Rad1 Rad8 16.Qg5 Bh8
17.Qh4 d5 18.dxe5 Nxe4 19.Nxe4 dxe4 20.Bxe4 Bxe4 21.Qxe4 Bxe5 22.Kf1 Qb8
23.Qg4 f5 24.Qg5 Bf6 25.Rxe8+ Rxe8 26.Qd2 Ne5 27.Bf4 Nxf3 28.Qd5+  1-0